| 000 | 00989nam a2200313 i 4500 | ||
|---|---|---|---|
| 001 | 000027920 | ||
| 003 | DO-SdBNP | ||
| 005 | 20250205094326.0 | ||
| 007 | ta | ||
| 008 | 110405s1989 dr 000 j spa d | ||
| 040 |
_aDO-SdBNP _bspa _cBNPHU _erda |
||
| 041 | _aspa | ||
| 082 | 4 |
_aRD863.44 _bR696n _222 |
|
| 100 | 1 |
_aRodríguez Soriano, René, _d1950- _eautor _4aut. _9232 |
|
| 245 | 1 | 0 |
_aNo les guardo rencor, papá / _cRené Rodríguez Soriano. |
| 250 | _aPrimera edición | ||
| 264 | 1 |
_aSanto Domingo : _bONAP, _c1989. |
|
| 300 |
_a82 páginas ; _c21 cm. |
||
| 336 |
_ardacontent _btexto _2txt |
||
| 337 |
_ardamedia _bsin mediación _2n |
||
| 338 |
_ardacarrier _bvolumen _2nc |
||
| 490 | 0 | _aPublicaciones ONAP | |
| 590 | _aInventariado, 2019/VM | ||
| 650 | 4 |
_aCuentos dominicanos _9176 |
|
| 650 | 4 |
_aLiteratura dominicana. _967 |
|
| 710 | 1 |
_aRepública Dominicana. _bOficina Nacional de Planificación. _99293 |
|
| 910 | _aValidado. Control de calidad MFF | ||
| 942 |
_2ddc _cLBS1 |
||
| 999 |
_c27412 _d27412 |
||